| 000 | 01859nam a2200313Ia 4500 | ||
|---|---|---|---|
| 999 |
_c49399 _d49399 |
||
| 001 | 16319 | ||
| 003 | GE_BSU | ||
| 005 | 20211221114715.0 | ||
| 008 | 181216s2010||||ge |||||||||||||| ||geo|| | ||
| 020 | _a9789941131882 | ||
| 040 | _cGE_BSU | ||
| 041 | _ageo | ||
| 080 | _a343(075.8) ვ-41 | ||
| 100 |
_aვესელსი, იოჰანეს _913317 |
||
| 245 |
_b დანაშაული და მისი აგებულება / _aსისხლის სამართლის ზოგადი ნაწილი = Strafrecht Allgemeiner Teil : _cდაფუძნებულია იოჰანეს ვესელსის მიერ, გაგრძელებულია ვერნერ ბოილკეს მიერ ; მთარგმნ. ზურაბ არსენიშვილი ; ქართ. გამოც. სამეცნ. რედ. ირაკლი დვალიძე. |
||
| 264 |
_aთბილისი : _bუნ-ტის გამ-ბა, _c2010. |
||
| 300 |
_a607 გვ. ; _b24 სმ. |
||
| 500 | _aპარალ. თავფურ. გერმ. | ||
| 501 | _aანბ.-საგნ. საძიებელი: გვ. 571-606. | ||
| 504 | _aბიბლიოგრ. ტექსტის შენიშვნ. | ||
| 520 | _aდაფუძნებულია იოჰანეს ვესელსის მიერ | ||
| 541 | _h33ლ. | ||
| 653 | _aსამართალი | ||
| 653 | _aსისხლის სამართალი | ||
| 700 |
_aბოილკე, ვერნერ _eავტორი _913318 |
||
| 700 |
_aარსენიშვილი, ზურაბ _eმთარგმნელი _913319 |
||
| 700 |
_aდვალიძე, ირაკლი _eრედაქტორი _96351 |
||
| 942 |
_cBK _2udc |
||